| 000 | 02969nam0a2200409 i 4500 | ||
|---|---|---|---|
| 001 | RU\NLR\BIBL_A\011614960 | ||
| 005 | 20241103110248.0 | ||
| 010 |
_a9785906975935 _9100 |
||
| 021 |
_aRU _b2017-102353 _97387 |
||
| 035 | _a(RuMoRGB)009504450 | ||
| 035 | _a(NLR Aleph) 011614960 | ||
| 090 |
_a10953407 _c10953407 |
||
| 100 | _a20180131d2017 k y0rusy50 ca | ||
| 101 | 0 | _arus | |
| 102 | _aRU | ||
| 105 | _a |||z|||100zy | ||
| 200 | 1 |
_aГеография и геоэкология: проблемы науки, практики и образования _eсборник статей Всероссийской научно-практической конференции, посвященной году экологии, г. Пенза, 10-12 ноября 2017 г. _fМинистерство образования и науки РФ, Федеральное государственное бюджетное образовательное учреждение высшего образования "Пензенский государственный университет" (ПГУ), Педагогический институт им. В.Г. Белинского, Кафедра "География" [и др.] _gпод редакцией С.Н. Артемовой, Н.А. Симаковой |
|
| 210 |
_aПенза _cИзд-во ПГУ _d2017 |
||
| 215 |
_a169, [1] с. _cцв. ил., табл. _d21 |
||
| 320 | _aБиблиогр. в конце ст. | ||
| 606 | 1 |
_aГеография _jСъезды, совещания и т.п _xПреподавание _91357336 _3RU\NLR\AUTH\66252997 |
|
| 606 | 1 |
_aГеоэкология _jСъезды, совещания и т.п _xПреподавание _92296846 _3RU\NLR\AUTH\6601602234 |
|
| 606 |
_aГеография _jСъезды, совещания и т.п _91002053 _3RU\NLR\AUTH\6662461 |
||
| 606 |
_aГеоэкология _jСъезды, совещания и т.п _91278107 _3RU\NLR\AUTH\66209017 |
||
| 686 |
_aД8я431(2) _2rubbk |
||
| 686 | 1 | _aД8я431(2) | |
| 686 | 1 | _aД820.4я431(2) | |
| 686 | 1 | _aЧ426.43я431 | |
| 686 | 1 | _aЧ486.43я431 | |
| 702 | 1 |
_aАртемова _bС. Н. _gСерафима Николаевна _4340 |
|
| 711 | 1 | 2 |
_a"География и геоэкология: проблемы науки, практики и образования", всероссийская научно-практическая конференция _eПенза _f2017 _9589059 _3RU\NLR\AUTH\880463200 |
| 712 | 0 | 2 |
_4570 _aПензенский государственный университет _bПедагогический институт им. В. Г. Белинского _bКафедра "География" _9589055 _3RU\NLR\AUTH\880463198 |
| 942 | _cBOOK | ||
| 980 | _aNBR | ||